Spoločenské otázky v predprevratovom slovenskom románe

Bibliographic Details
Main Author: Mráz, Andrej, 1904-1964 (Author)
Format: Book
Language:Slovak
Published: Bratislava Slovenský spisovateľ 1950
Edition:1. vyd.
Series:Umenie a život
Subjects:

MARC

LEADER 00000cam a2200000 a 4500
001 vtls008386448
003 SK-MaSNL
005 20260301053540.0
008 230403s1950 xo g 000 0 slo
015 |a SNBA19451955-007866 
035 |a SK01SNKBKSFS20020078665 
035 |a urn:nbn:sk:snk-am3hwfv 
035 |a C6558056-DF0F-4061-AAB3-E28F8C66EB62 
035 |a urn:nbn:sk:snk-am00dbew 
035 |a SKM000081128 
040 |a SNK  |b slo  |c SNK  |e AACR2 
041 0 |a slo 
044 |a xo  |c SK 
072 7 |a 821.162.4.09  |x Slovenská literatúra (o nej)  |2 konspekt 
080 |a 885.4-3(091)  |2 1981 
100 1 |a Mráz, Andrej,  |d 1904-1964  |4 aut  |9 101700 
245 1 0 |a Spoločenské otázky v predprevratovom slovenskom románe  |c Andrej Mráz 
250 |a 1. vyd. 
260 |a Bratislava  |b Slovenský spisovateľ  |c 1950  |e Žilina  |f Pravda 
300 |a 218, [5] s.  |c 21 cm 
366 |e 5.000 výt. 
490 1 |a Umenie a život 
650 0 7 |a slovenský román  |2 SNKPH  |9 1445 
650 0 7 |a spoločnosť  |2 SNKPH  |9 1013 
655 7 |a monografie  |2 SNKPH  |9 70139 
830 0 |a Umenie a život  |9 294449 
852 |a Slovenská národná knižnica 
954 |a odborná, vedecká literatúra pôvodná (slovenská)  |2 lita 
958 |a RK 
958 |a TL 
958 |a LX 
958 |a OND 
958 |a EUIPO 
999 |c 608607  |d 610537 
952 |t P60, <04>, [BOOK], {604}  |a SNK  |b SNK  |y VYP  |7 0  |p 17A0383834  |o snkSC 4448 D1  |i snk312/53  |0 0  |1 0  |4 0  |d 2003-05-26  |l 0  |r 2005-01-02 00:00:00  |w 2026-02-23 
952 |a SNK  |b SNK  |y PREZ  |7 0  |p 17A0747763  |o snkSC 4448  |i snk881/51  |0 0  |1 0  |4 0  |d 2011-12-05  |f 1  |l 0  |r 2025-06-25 00:00:00  |w 2026-02-23 
952 |a SNKLM  |b SNKLM  |y NEVYP  |7 0  |p 17A0065752  |o snkSC 4448 D2  |8 11  |3 Vrátené z príručnej knižnice  |0 0  |1 0  |4 0  |d 1997-05-06  |l 0  |r 2005-01-02 00:00:00  |w 2026-02-23